[Event "BL2-West 2223"]
[Site "Germany"]
[Date "2023.02.05"]
[Round "6.6"]
[White "Polak, Tomas"]
[Black "Stewart, Neil"]
[Result "1/2-1/2"]
[WhiteElo "2502"]
[BlackElo "2213"]
[PlyCount "93"]
[EventDate "2022.10.22"]
[EventType "team-tourn"]
[EventRounds "10"]
[EventCountry "GER"]
[SourceTitle "EXT 2024"]
[Source "ChessBase"]
[SourceDate "2023.10.10"]
[SourceVersion "1"]
[SourceVersionDate "2023.10.10"]
[SourceQuality "1"]
[WhiteTeam "Heimbach Weis/Neuwied"]
[BlackTeam "Koblenz"]
[WhiteTeamCountry "GER"]
[BlackTeamCountry "GER"]

1. d4 d5 2. c4 dxc4 3. e4 Nf6 4. e5 Nd5 5. Bxc4 Bf5 6. Ne2 e6 7. a3 Nc6 8. Nbc3 Nb6 9. Ba2 Qd7 10. Be3 0-0-0 11. 0-0 h5 12. Qc1 h4 13. h3 f6 14. Rd1 Qf7 15. b4 Rg8 16. b5 Na5 17. f3 Nac4 18. Bxc4 Nxc4 19. Bf2 fxe5 20. dxe5 Be7 21. Nd4 Nxe5 22. Qe3 Nc4 23. Qe2 Nb6 24. Nc6 Rd6 25. Nxa7+ Kb8 26. Nc6+ bxc6 27. Rxd6 Bxd6 28. bxc6 e5 29. Rb1 Kc8 30. Qa6+ Kd8 31. Rd1 Nc8 32. Bxh4+ g5 33. Bg3 Re8 34. Nd5 Be6 35. Qb5 Bxd5 36. Rxd5 Qf6 37. Qd3 Nb6 38. Rb5 Nc8 39. a4 Qe6 40. Rxe5 Qf6 41. Re4 Rxe4 42. fxe4 Ke8 43. e5 Bc5+ 44. Kh2 Qxc6 45. Qf5 Ne7 46. Qxg5 Qxa4 47. Qh5+ 1/2-1/2

[Event "BL2-West 2122"]
[Site "Germany"]
[Date "2022.05.15"]
[Round "6.5"]
[White "Stewart, Neil"]
[Black "Dgebuadze, Alexandre"]
[Result "1/2-1/2"]
[WhiteElo "2245"]
[BlackElo "2464"]
[PlyCount "34"]
[EventDate "2022.03.05"]
[EventType "team-tourn"]
[EventRounds "10"]
[EventCountry "GER"]
[SourceTitle "EXT 2023"]
[Source "ChessBase"]
[SourceDate "2022.10.05"]
[SourceVersion "1"]
[SourceVersionDate "2022.10.05"]
[SourceQuality "1"]
[WhiteTeam "Koblenz"]
[BlackTeam "Remagen Sinzig"]
[WhiteTeamCountry "GER"]
[BlackTeamCountry "GER"]

1. d4 e6 2. g3 d5 3. Nf3 c6 4. c4 dxc4 5. Bg2 b5 6. Ne5 Bb7 7. 0-0 Bd6 8. Nc3 a6 9. Ne4 f6 10. Nf3 Ne7 11. b3 c3 12. Nxc3 Nd5 13. Ne4 0-0 14. Nxd6 Qxd6 15. e4 Ne7 16. Bf4 Qd8 17. Qc2 Ng6 1/2-1/2

[Event "BL2-West 2122"]
[Site "Germany"]
[Date "2022.05.01"]
[Round "4.7"]
[White "Knickel, Aaron"]
[Black "Stewart, Neil"]
[Result "0-1"]
[WhiteElo "2145"]
[BlackElo "2245"]
[PlyCount "62"]
[EventDate "2022.03.05"]
[EventType "team-tourn"]
[EventRounds "10"]
[EventCountry "GER"]
[SourceTitle "EXT 2023"]
[Source "ChessBase"]
[SourceDate "2022.10.05"]
[SourceVersion "1"]
[SourceVersionDate "2022.10.05"]
[SourceQuality "1"]
[WhiteTeam "Neuberg"]
[BlackTeam "Koblenz"]
[WhiteTeamCountry "GER"]
[BlackTeamCountry "GER"]

1. g3 e5 2. Bg2 Nf6 3. c4 d5 4. cxd5 Nxd5 5. Nc3 Nb6 6. Nf3 Nc6 7. d3 Be7 8. Bd2 0-0 9. 0-0 Re8 10. Na4 Bf8 11. a3 Nd4 12. Nxb6 axb6 13. Re1 c6 14. b4 Bg4 15. Nxd4 exd4 16. h3 Be6 17. a4 Qd7 18. Kh2 Bd5 19. Qc2 Bxg2 20. Kxg2 Qd5+ 21. Kh2 Qh5 22. Qd1 b5 23. a5 Qf5 24. Kg2 Re6 25. Ra3 Qd5+ 26. Kh2 Bd6 27. e4 dxe3 28. Rxe3 Rxe3 29. fxe3 Qe5 30. Qe1 Qb2 31. Ra1 Bxb4 0-1

[Event "GER-ch Net blitz qual5"]
[Site "Playchess.com INT"]
[Date "2020.03.28"]
[Round "10"]
[White "Stewart, Neil"]
[Black "Mossakowski, Florian"]
[Result "0-1"]
[WhiteElo "2236"]
[BlackElo "1973"]
[PlyCount "90"]
[EventDate "2020.03.28"]
[EventType "swiss (blitz)"]
[EventRounds "13"]
[EventCountry "GER"]
[SourceTitle "CBM 195 Extra"]
[Source "ChessBase"]
[SourceDate "2020.05.31"]
[SourceVersion "1"]
[SourceVersionDate "2020.05.31"]
[SourceQuality "1"]

1. d4 Nf6 2. c4 e6 3. Nc3 Bb4 4. e3 c5 5. Nge2 cxd4 6. exd4 d5 7. a3 Bxc3+ 8. Nxc3 dxc4 9. Bxc4 Nc6 10. Be3 0-0 11. 0-0 b6 12. d5 exd5 13. Nxd5 Be6 14. Nxf6+ Qxf6 15. Bxe6 Qxe6 16. Re1 Rfd8 17. Qa4 Qg6 18. Rad1 h5 19. Qh4 Re8 20. Qg5 Qxg5 21. Bxg5 f6 22. Bf4 Rad8 23. Kf1 Kf7 24. a4 Rxe1+ 25. Kxe1 Rxd1+ 26. Kxd1 Ke6 27. Kd2 Kd5 28. Kd3 a6 29. Be3 b5 30. axb5 axb5 31. h3 g5 32. g4 hxg4 33. hxg4 Ne5+ 34. Kc3 Nxg4 35. Ba7 f5 36. Kd3 Ne5+ 37. Kc3 f4 38. Kd2 Ke4 39. Bb8 Nc4+ 40. Kc3 Kf3 41. Ba7 Nd6 42. Kb4 g4 43. Bc5 Ne4 44. Bd4 Nxf2 45. Kxb5 g3 0-1

[Event "GER-ch Net blitz qual4"]
[Site "Playchess.com INT"]
[Date "2020.03.23"]
[Round "6"]
[White "Ermitsch, Magnus"]
[Black "Stewart, Neil"]
[Result "0-1"]
[WhiteElo "2000"]
[BlackElo "2236"]
[PlyCount "82"]
[EventDate "2020.03.23"]
[EventType "swiss (blitz)"]
[EventRounds "9"]
[EventCountry "GER"]
[SourceTitle "CBM 195 Extra"]
[Source "ChessBase"]
[SourceDate "2020.05.31"]
[SourceVersion "1"]
[SourceVersionDate "2020.05.31"]
[SourceQuality "1"]

1. e4 e6 2. d4 d5 3. Nc3 Bb4 4. exd5 exd5 5. Bd3 Nc6 6. a3 Bxc3+ 7. bxc3 Nf6 8. Qf3 Bg4 9. Qg3 Qe7+ 10. Ne2 0-0-0 11. f3 Bh5 12. 0-0 Bg6 13. Nf4 Kb8 14. a4 Na5 15. Re1 Qd7 16. Ba3 Rhe8 17. Bb4 Nc4 18. a5 Rxe1+ 19. Qxe1 Re8 20. Qb1 a6 21. Bc5 Bxd3 22. cxd3 Ne3 23. Qb3 g5 24. Rb1 c6 25. Qb6 Kc8 26. Qa7 Qc7 27. Bd6 Qxd6 28. Qxb7+ Kd8 29. Qa7 Nd7 30. Nh5 Ke7 31. Rb7 Rd8 32. Ng3 Kf8 33. Kf2 Nd1+ 34. Kg1 Nxc3 35. Nf5 Qe6 36. g4 Nb5 37. Rxb5 cxb5 38. Qc7 Re8 39. Nd6 Qe1+ 40. Kg2 Re2+ 41. Kh3 Qh4# 0-1

[Event "GER-ch Net blitz qual4"]
[Site "Playchess.com INT"]
[Date "2020.03.23"]
[Round "2"]
[White "Lentrodt, Thomas"]
[Black "Stewart, Neil"]
[Result "1-0"]
[WhiteElo "2243"]
[BlackElo "2236"]
[PlyCount "71"]
[EventDate "2020.03.23"]
[EventType "swiss (blitz)"]
[EventRounds "9"]
[EventCountry "GER"]
[SourceTitle "CBM 195 Extra"]
[Source "ChessBase"]
[SourceDate "2020.05.31"]
[SourceVersion "1"]
[SourceVersionDate "2020.05.31"]
[SourceQuality "1"]

1. d4 d5 2. Nf3 e6 3. c4 c6 4. e3 f5 5. g3 Nf6 6. Bg2 Bd6 7. 0-0 0-0 8. b3 Qe7 9. a4 a5 10. Ba3 Bd7 11. Bxd6 Qxd6 12. Ne5 Be8 13. Nd2 Nbd7 14. Ndf3 Bh5 15. Nxd7 Nxd7 16. Qc2 Bxf3 17. Bxf3 Nf6 18. Bg2 Ne4 19. f3 Nf6 20. Rad1 Kh8 21. e4 fxe4 22. fxe4 Qe7 23. e5 Ng4 24. Qe2 Qg5 25. Rd3 Rad8 26. cxd5 cxd5 27. Bh3 Rxf1+ 28. Qxf1 h5 29. Rf3 Rc8 30. Rf4 Kh7 31. Qb1+ Kh6 32. Bxg4 hxg4 33. Qd1 Rc3 34. Kg2 b6 35. Rxg4 Qc1 36. Rh4+ 1-0

[Event "GER-ch Net blitz qual4"]
[Site "Playchess.com INT"]
[Date "2020.03.23"]
[Round "8"]
[White "Moeller, Hendrik"]
[Black "Stewart, Neil"]
[Result "0-1"]
[WhiteElo "2278"]
[BlackElo "2236"]
[PlyCount "82"]
[EventDate "2020.03.23"]
[EventType "swiss (blitz)"]
[EventRounds "9"]
[EventCountry "GER"]
[SourceTitle "CBM 195 Extra"]
[Source "ChessBase"]
[SourceDate "2020.05.31"]
[SourceVersion "1"]
[SourceVersionDate "2020.05.31"]
[SourceQuality "1"]

1. c4 e6 2. g3 d5 3. Bg2 dxc4 4. Nf3 Nf6 5. 0-0 a6 6. a4 Nc6 7. Na3 Bxa3 8. Rxa3 0-0 9. Qc2 e5 10. Qxc4 Be6 11. Qc2 Qd6 12. d3 Nb4 13. Qb1 c5 14. a5 Rac8 15. Bd2 Nc6 16. Rc1 Nd4 17. Nxd4 exd4 18. Bxb7 Rb8 19. Bg2 Bd5 20. Bf4 Qe6 21. Bxb8 Bxg2 22. Kxg2 Qd5+ 23. Kg1 Rxb8 24. Qc2 Rb5 25. Ra4 Ng4 26. Rc4 Qf5 27. Rf1 h5 28. b4 cxb4 29. Rxd4 b3 30. Qb2 h4 31. Rf4 Qh5 32. h3 Ne5 33. Rxh4 Qg5 34. Kh2 f6 35. Re4 Qf5 36. f4 Nc6 37. Qc3 Qd5 38. Rb1 Nxa5 39. Qc8+ Kh7 40. Qe8 b2 41. Qh5+ Qxh5 0-1

[Event "GER-ch Net blitz qual4"]
[Site "Playchess.com INT"]
[Date "2020.03.23"]
[Round "5"]
[White "Stewart, Neil"]
[Black "Roelle, Philipp"]
[Result "1-0"]
[WhiteElo "2236"]
[BlackElo "2061"]
[PlyCount "67"]
[EventDate "2020.03.23"]
[EventType "swiss (blitz)"]
[EventRounds "9"]
[EventCountry "GER"]
[SourceTitle "CBM 195 Extra"]
[Source "ChessBase"]
[SourceDate "2020.05.31"]
[SourceVersion "1"]
[SourceVersionDate "2020.05.31"]
[SourceQuality "1"]

1. d4 Nf6 2. c4 d6 3. Nc3 Nbd7 4. e4 e5 5. Nf3 Be7 6. Be2 0-0 7. 0-0 Re8 8. Qc2 Bf8 9. Rd1 c6 10. Rb1 Qc7 11. b4 g6 12. Bg5 Bg7 13. c5 exd4 14. cxd6 Qxd6 15. Rxd4 Qc7 16. Nb5 Qd8 17. Nd6 Re6 18. Bc4 Rxd6 19. Rxd6 h6 20. Bxf6 Bxf6 21. e5 Bg7 22. e6 Qe7 23. exd7 Qxd6 24. Rd1 Qxd7 25. Rxd7 Bxd7 26. Qxg6 Be8 27. Qd3 Bf6 28. g3 Rd8 29. Qe2 Bc3 30. Ne5 Bd4 31. Qg4+ Kf8 32. Qf4 Ke7 33. Nxf7 Bf6 34. Nxd8 1-0

[Event "GER-ch Net blitz qual3"]
[Site "Playchess.com INT"]
[Date "2020.03.21"]
[Round "2"]
[White "Fischer, Darja"]
[Black "Stewart, Neil"]
[Result "0-1"]
[WhiteElo "1456"]
[BlackElo "2236"]
[PlyCount "116"]
[EventDate "2020.03.21"]
[EventType "swiss (blitz)"]
[EventRounds "9"]
[EventCountry "GER"]
[SourceTitle "CBM 195 Extra"]
[Source "ChessBase"]
[SourceDate "2020.05.31"]
[SourceVersion "1"]
[SourceVersionDate "2020.05.31"]
[SourceQuality "1"]

1. d4 d5 2. c4 e6 3. Nc3 c6 4. Qc2 dxc4 5. e4 b5 6. a4 Bb4 7. axb5 cxb5 8. Bd2 Bxc3 9. Bxc3 Bb7 10. Ra5 a6 11. Nf3 Nc6 12. Ra1 Nf6 13. Be2 0-0 14. 0-0 b4 15. Bd2 Nxd4 16. Nxd4 Qxd4 17. Bxb4 Bxe4 18. Qc3 Qxc3 19. bxc3 Rfc8 20. f3 Bd3 21. Bxd3 cxd3 22. Rfd1 Rd8 23. Rd2 Rd5 24. Be7 Nd7 25. Rad1 Ne5 26. f4 Ng6 27. Rxd3 Rxd3 28. Rxd3 Nxe7 29. Rd7 Nd5 30. c4 Nxf4 31. c5 a5 32. c6 Nd5 33. c7 Nxc7 34. Rxc7 a4 35. Rc1 a3 36. Ra1 a2 37. Kf2 g5 38. Ke2 Kg7 39. Kd2 Kg6 40. Kc2 Kf5 41. Kb2 e5 42. Rxa2 Rxa2+ 43. Kxa2 e4 44. Kb2 Kf4 45. Kc2 Ke3 46. Kd1 Kf2 47. g3 e3 48. h4 gxh4 49. gxh4 e2+ 50. Kc2 e1Q 51. h5 h6 52. Kd3 Qe3+ 53. Kc2 Qd4 54. Kb1 Qd2 55. Ka1 Ke3 56. Kb1 Kd3 57. Ka1 Kc3 58. Kb1 Qb2# 0-1

[Event "GER-ch Net blitz qual3"]
[Site "Playchess.com INT"]
[Date "2020.03.21"]
[Round "1"]
[White "Stewart, Neil"]
[Black "Kalla, Christian"]
[Result "1/2-1/2"]
[WhiteElo "2236"]
[BlackElo "1988"]
[PlyCount "129"]
[EventDate "2020.03.21"]
[EventType "swiss (blitz)"]
[EventRounds "9"]
[EventCountry "GER"]
[SourceTitle "CBM 195 Extra"]
[Source "ChessBase"]
[SourceDate "2020.05.31"]
[SourceVersion "1"]
[SourceVersionDate "2020.05.31"]
[SourceQuality "1"]

1. d4 f6 2. c4 e6 3. Nc3 Bb4 4. e4 Ne7 5. Bd3 0-0 6. Qc2 Nbc6 7. Nge2 e5 8. Be3 exd4 9. Nxd4 Ne5 10. Be2 d6 11. 0-0 a6 12. f3 N7c6 13. Nd5 Bc5 14. Qd2 Nxd4 15. Bxd4 Bxd4+ 16. Qxd4 Be6 17. Rfd1 Kh8 18. c5 Nc6 19. Qc3 dxc5 20. Qxc5 Bxd5 21. Rxd5 Qe8 22. Rad1 Rf7 23. Bc4 Re7 24. a3 Rd8 25. Rxd8 Nxd8 26. Qd4 Nc6 27. Qd5 Ne5 28. Bf1 c6 29. Qd8 h6 30. Kf2 Qxd8 31. Rxd8+ Kh7 32. Be2 Rd7 33. Rxd7 Nxd7 34. Ke3 c5 35. f4 Kg6 36. Bc4 f5 37. Be6 Nf6 38. Bxf5+ Kf7 39. g3 Ke7 40. Bc8 b6 41. e5 Nd5+ 42. Ke4 Nc7 43. f5 b5 44. g4 a5 45. h4 b4 46. axb4 cxb4 47. Kd4 a4 48. Kc4 a3 49. bxa3 bxa3 50. Kb3 Nb5 51. Ba6 Nd4+ 52. Kxa3 Nf3 53. Kb4 Nxe5 54. Be2 h5 55. g5 Ng4 56. Kc3 Ne3 57. Kd3 Nxf5 58. Bxh5 Nxh4 59. Ke3 g6 60. Bg4 Nf5+ 61. Bxf5 gxf5 62. Kf4 Ke6 63. g6 Kf6 64. g7 Kxg7 65. Kxf5 1/2-1/2

[Event "BL2-West 1920"]
[Site "Germany"]
[Date "2020.01.19"]
[Round "5.6"]
[White "Omelja, Artem"]
[Black "Stewart, Neil"]
[Result "1-0"]
[WhiteElo "2499"]
[BlackElo "2222"]
[PlyCount "105"]
[EventDate "2019.09.19"]
[EventType "team-tourn"]
[EventRounds "9"]
[EventCountry "GER"]
[SourceTitle "EXT 2023"]
[Source "ChessBase"]
[SourceDate "2022.10.05"]
[SourceVersion "1"]
[SourceVersionDate "2022.10.05"]
[SourceQuality "1"]
[WhiteTeam "Siegburg"]
[BlackTeam "Koblenz SV"]
[WhiteTeamCountry "GER"]
[BlackTeamCountry "GER"]

1. Nf3 d5 2. e3 Nf6 3. c4 e6 4. Nc3 Be7 5. b3 0-0 6. Bb2 b6 7. cxd5 Nxd5 8. Nxd5 exd5 9. Be2 c5 10. d4 Be6 11. Rc1 Nd7 12. 0-0 Qc8 13. dxc5 bxc5 14. Nd4 Qb7 15. Nxe6 fxe6 16. Bg4 Qb6 17. e4 d4 18. f4 a5 19. e5 Ra7 20. Qd3 Re8 21. Qc4 Bf8 22. a3 Qa6 23. Be2 Qxc4 24. Bxc4 Nb6 25. Bb5 Rd8 26. a4 Nd5 27. Rf3 Ne3 28. Kf2 g6 29. Kg1 Be7 30. g3 Rf8 31. h4 h6 32. Kf2 g5 33. hxg5 hxg5 34. Ke2 g4 35. Rxe3 dxe3 36. Bc4 Kg7 37. Rh1 Raa8 38. Bc3 Rh8 39. Rxh8 Rxh8 40. Bxa5 Rh3 41. Be1 Bd8 42. a5 Kf7 43. a6 Ke7 44. Kxe3 Bb6 45. Bf2 Rh1 46. Ke4 Rh2 47. Be3 Rh1 48. f5 Re1 49. fxe6 Ke8 50. Kd3 Rd1+ 51. Ke2 Ra1 52. Bg5 Ra5 53. e7 1-0

[Event "BL2-West 1718"]
[Site "Germany"]
[Date "2018.02.04"]
[Round "6.7"]
[White "Tkachuk, Konstantyn"]
[Black "Stewart, Neil"]
[Result "1-0"]
[WhiteElo "2299"]
[BlackElo "2194"]
[PlyCount "67"]
[EventDate "2017.10.08"]
[EventType "team-tourn"]
[EventRounds "9"]
[EventCountry "GER"]
[SourceTitle "CBM 183 Extra"]
[Source "ChessBase"]
[SourceDate "2018.04.19"]
[SourceVersion "1"]
[SourceVersionDate "2018.04.19"]
[SourceQuality "1"]
[WhiteTeam "Bochum SG"]
[BlackTeam "Koblenz"]
[WhiteTeamCountry "GER"]
[BlackTeamCountry "GER"]

1. e4 e5 2. Nf3 Nc6 3. Bc4 Bc5 4. d3 Nf6 5. Nc3 a6 6. Be3 Ba7 7. Bxa7 Rxa7 8. d4 exd4 9. Nxd4 0-0 10. Nxc6 bxc6 11. Qd4 Ra8 12. 0-0-0 d6 13. e5 Ne8 14. f4 Be6 15. Bxe6 fxe6 16. g3 Qe7 17. Rhe1 d5 18. Na4 Rb8 19. Qc5 Qd7 20. Re3 Rb5 21. Qa3 g5 22. fxg5 Rf2 23. Nc3 Rb6 24. Ne4 Rf5 25. Nf6+ Nxf6 26. gxf6 Qf7 27. g4 Rf4 28. h3 Rfb4 29. Rb3 Rc4 30. Rxb6 cxb6 31. Qd6 h6 32. Rf1 Kh7 33. Qe7 Kg6 34. h4 1-0

[Event "BL2-West 1718"]
[Site "Germany"]
[Date "2017.11.12"]
[Round "3.7"]
[White "Babar, Michael"]
[Black "Stewart, Neil"]
[Result "0-1"]
[WhiteElo "2130"]
[BlackElo "2194"]
[PlyCount "70"]
[EventDate "2017.10.08"]
[EventType "team-tourn"]
[EventRounds "9"]
[EventCountry "GER"]
[SourceTitle "CBM 183 Extra"]
[Source "ChessBase"]
[SourceDate "2018.04.19"]
[SourceVersion "1"]
[SourceVersionDate "2018.04.19"]
[SourceQuality "1"]
[WhiteTeam "Dortmund Hansa"]
[BlackTeam "Koblenz"]
[WhiteTeamCountry "GER"]
[BlackTeamCountry "GER"]

1. c4 c5 2. Nc3 e6 3. g3 d5 4. cxd5 exd5 5. d4 cxd4 6. Qxd4 Nf6 7. e3 Nc6 8. Qd1 Bc5 9. Nf3 0-0 10. Be2 Bh3 11. Bf1 Bg4 12. Be2 Bh3 13. Nb5 Bg2 14. Rg1 Bxf3 15. Bxf3 Qa5+ 16. Nc3 d4 17. exd4 Bxd4 18. Kf1 Rad8 19. Qb3 Qf5 20. Kg2 Ne5 21. Nd1 Bb6 22. Bxb7 Rb8 23. Ne3 Bxe3 24. Bxe3 Qd7 25. Bc5 Rxb7 26. Qc3 Qd5+ 27. f3 Rfb8 28. b4 Ned7 29. Rgd1 Qe6 30. Re1 Qc6 31. Rad1 Nxc5 32. bxc5 Rc8 33. Rd2 h6 34. Red1 Rd7 35. Rxd7 Nxd7 0-1

[Event "Oberliga Sued W 1617"]
[Site "Germany"]
[Date "2017.02.19"]
[Round "7.4"]
[White "Stewart, Neil"]
[Black "Heidorn, Oliver"]
[Result "1/2-1/2"]
[WhiteElo "2223"]
[BlackElo "2126"]
[PlyCount "55"]
[EventDate "2016.09.25"]
[EventType "team-tourn"]
[EventRounds "9"]
[EventCountry "GER"]
[SourceTitle "EXT 2018"]
[Source "ChessBase"]
[SourceDate "2017.10.13"]
[SourceVersion "1"]
[SourceVersionDate "2017.10.13"]
[SourceQuality "1"]
[WhiteTeam "Koblenz"]
[BlackTeam "Altenkirchen"]
[WhiteTeamCountry "GER"]
[BlackTeamCountry "GER"]

1. c4 e5 2. Nc3 Nc6 3. Nf3 Nf6 4. d4 exd4 5. Nxd4 Bb4 6. Nxc6 bxc6 7. Bg5 h6 8. Bh4 Qe7 9. e3 Qe5 10. Qb3 Bxc3+ 11. bxc3 Ne4 12. Rc1 Qh5 13. Bg3 Nxg3 14. fxg3 0-0 15. Be2 Qg5 16. Kf2 Re8 17. Rhe1 Qxe3+ 18. Kf1 Re6 19. Bf3 Qc5 20. Qb4 Rxe1+ 21. Rxe1 Qxb4 22. cxb4 Kf8 23. b5 Rb8 24. bxc6 Ba6 25. cxd7 Bxc4+ 26. Kg1 Be6 27. Rc1 Rd8 28. Rxc7 1/2-1/2

[Event "Oberliga Sued W 1617"]
[Site "Germany"]
[Date "2017.01.15"]
[Round "5.6"]
[White "Stewart, Neil"]
[Black "Schaefer, Jochen"]
[Result "1/2-1/2"]
[WhiteElo "2223"]
[BlackElo "2177"]
[PlyCount "65"]
[EventDate "2016.09.25"]
[EventType "team-tourn"]
[EventRounds "9"]
[EventCountry "GER"]
[SourceTitle "EXT 2018"]
[Source "ChessBase"]
[SourceDate "2017.10.13"]
[SourceVersion "1"]
[SourceVersionDate "2017.10.13"]
[SourceQuality "1"]
[WhiteTeam "Koblenz"]
[BlackTeam "Heimbach Weis/Neuwied"]
[WhiteTeamCountry "GER"]
[BlackTeamCountry "GER"]

1. c4 g6 2. g3 Bg7 3. Bg2 d6 4. d4 Nf6 5. Nf3 Nc6 6. d5 Nb8 7. Nc3 0-0 8. 0-0 Bf5 9. Nd4 Bd7 10. Rb1 c5 11. Nc2 Qc8 12. Re1 Bh3 13. Bh1 Nbd7 14. e4 Ne5 15. Qe2 a6 16. a4 Rb8 17. Bd2 Qg4 18. f3 Qh5 19. Ne3 Ne8 20. a5 f5 21. exf5 gxf5 22. f4 Bg4 23. Nxg4 Nxg4 24. Bf3 Bd4+ 25. Kh1 Nef6 26. Nd1 b5 27. axb6 Rxb6 28. Bc3 Bf2 29. Qe6+ Rf7 30. Qc8+ Rf8 31. Qe6+ Rf7 32. Qc8+ Rf8 33. Qe6+ 1/2-1/2

[Event "Oberliga Sued W 1516"]
[Site "Germany"]
[Date "2016.01.17"]
[Round "5.7"]
[White "Stewart, Neil"]
[Black "Ronge, Tim Hendrick"]
[Result "1-0"]
[WhiteElo "2239"]
[BlackElo "1927"]
[PlyCount "61"]
[EventDate "2015.09.20"]
[EventType "team-tourn"]
[EventRounds "9"]
[EventCountry "GER"]
[SourceTitle "CBM 170 Extra"]
[Source "ChessBase"]
[SourceDate "2016.02.25"]
[SourceVersion "1"]
[SourceVersionDate "2016.02.25"]
[SourceQuality "1"]
[WhiteTeam "Koblenz"]
[BlackTeam "Heimbach Weis/Neuwied"]
[WhiteTeamCountry "GER"]
[BlackTeamCountry "GER"]

1. Nf3 Nf6 2. c4 g6 3. g3 c6 4. Bg2 d5 5. b3 Bg7 6. Bb2 0-0 7. 0-0 Qb6 8. Qc2 Bf5 9. d3 Nbd7 10. Nbd2 Rfe8 11. cxd5 cxd5 12. Bd4 Qd6 13. e4 e5 14. exf5 exd4 15. fxg6 hxg6 16. Rac1 Rac8 17. Qxc8 Rxc8 18. Rxc8+ Bf8 19. Rfc1 Qa6 20. R1c7 Kg7 21. Rd8 Bb4 22. Nf1 Ba5 23. Rdxd7 Bxc7 24. Rxc7 Qb6 25. Rc2 Ne8 26. Ng5 Nd6 27. h4 Qa5 28. a4 b5 29. Rc5 Qb4 30. Rxd5 bxa4 31. bxa4 1-0

[Event "Oberliga Sued W 1516"]
[Site "Germany"]
[Date "2015.11.15"]
[Round "3.5"]
[White "Traub, Boris"]
[Black "Stewart, Neil"]
[Result "1/2-1/2"]
[WhiteElo "2295"]
[BlackElo "2239"]
[PlyCount "37"]
[EventDate "2015.09.20"]
[EventType "team-tourn"]
[EventRounds "9"]
[EventCountry "GER"]
[SourceTitle "CBM 170 Extra"]
[Source "ChessBase"]
[SourceDate "2016.02.25"]
[SourceVersion "1"]
[SourceVersionDate "2016.02.25"]
[SourceQuality "1"]
[WhiteTeam "Illingen Turm"]
[BlackTeam "Koblenz"]
[WhiteTeamCountry "GER"]
[BlackTeamCountry "GER"]

1. e4 c6 2. d4 d5 3. Nd2 dxe4 4. Nxe4 Bf5 5. Ng3 Bg6 6. Nf3 Nd7 7. h4 h6 8. h5 Bh7 9. Bd3 Bxd3 10. Qxd3 e6 11. Bf4 Qa5+ 12. c3 Ngf6 13. a4 Be7 14. b4 Qd5 15. Ke2 b5 16. axb5 cxb5 17. Ra6 0-0 18. Rha1 Qb7 19. Kf1 1/2-1/2

[Event "Oberliga Sued W 1415"]
[Site "Germany"]
[Date "2014.10.19"]
[Round "2.7"]
[White "Stewart, Neil"]
[Black "Martin, Mike"]
[Result "1-0"]
[WhiteElo "2266"]
[BlackElo "2112"]
[PlyCount "61"]
[EventDate "2014.09.21"]
[EventType "team-tourn"]
[EventRounds "9"]
[EventCountry "GER"]
[SourceTitle "EXT 2019"]
[Source "ChessBase"]
[SourceDate "2018.10.10"]
[SourceVersion "1"]
[SourceVersionDate "2018.10.10"]
[SourceQuality "1"]
[WhiteTeam "Koblenz SV"]
[BlackTeam "Worms"]
[WhiteTeamCountry "GER"]
[BlackTeamCountry "GER"]

1. Nf3 b6 2. g3 Bb7 3. Bg2 Nf6 4. 0-0 e6 5. d3 Be7 6. e4 0-0 7. Re1 d6 8. a4 c5 9. Na3 Nc6 10. c3 Rc8 11. Bf4 Qd7 12. Nc4 Rfd8 13. Qb3 e5 14. Bd2 Rb8 15. Ng5 Qe8 16. f4 h6 17. Nf3 exf4 18. Bxf4 Nh5 19. Bd2 Na5 20. Nxa5 bxa5 21. Qd1 Ba6 22. Bc1 Qd7 23. e5 Qg4 24. Re4 Qg6 25. g4 dxe5 26. Nxe5 Qe6 27. gxh5 f5 28. Re2 Bf6 29. Nc6 Qd6 30. Nxd8 Rxd8 31. Qe1 1-0

[Event "Leiden Noteboom Memorial 74th"]
[Site "Leiden"]
[Date "2014.03.01"]
[Round "4"]
[White "Stewart, Neil"]
[Black "Meissner, Felix"]
[Result "0-1"]
[WhiteElo "2263"]
[BlackElo "2296"]
[PlyCount "116"]
[EventDate "2014.02.28"]
[EventType "swiss"]
[EventRounds "6"]
[EventCountry "NED"]
[SourceTitle "CBM 159 Extra"]
[Source "ChessBase"]
[SourceDate "2014.04.24"]
[SourceVersion "1"]
[SourceVersionDate "2014.04.24"]
[SourceQuality "1"]

1. Nf3 Nf6 2. g3 g6 3. Bg2 Bg7 4. 0-0 0-0 5. d4 d5 6. Bf4 c6 7. Qc1 Qb6 8. Nbd2 Nbd7 9. c4 Nh5 10. Be3 e6 11. Nb3 a5 12. Qc2 Qa6 13. Rac1 a4 14. Nbd2 f5 15. Bg5 Re8 16. e3 Qb6 17. Rfe1 Ndf6 18. c5 Qa5 19. Bf4 Ne4 20. Rcd1 Nxf4 21. exf4 b6 22. cxb6 Qxb6 23. Nxe4 fxe4 24. Ne5 Bxe5 25. fxe5 Bd7 26. Re3 Rec8 27. Rc3 Ra5 28. Rc5 Rb8 29. Rd2 Rxc5 30. dxc5 Qa7 31. Bf1 Rb4 32. Qc3 Rb8 33. h4 Rf8 34. Be2 Qb8 35. Bd1 Rf5 36. Bxa4 Rxe5 37. Qe3 Rf5 38. Bd1 Rf7 39. h5 e5 40. hxg6 hxg6 41. Qh6 Qb4 42. Qxg6+ Rg7 43. Qh6 Qxc5 44. Qh4 Qa5 45. b4 Qxb4 46. Qd8+ Qf8 47. Qxf8+ Kxf8 48. a4 Ke7 49. Rb2 Rg8 50. Rb7 Kd6 51. Kf1 Ra8 52. g4 c5 53. g5 Bxa4 54. Bxa4 Rxa4 55. g6 Ra8 56. g7 c4 57. Ke2 d4 58. Kd2 Rg8 0-1

[Event "BL2-West 1314"]
[Site "Germany"]
[Date "2014.02.23"]
[Round "7.6"]
[White "Stewart, Neil"]
[Black "Balster, Stefan"]
[Result "1/2-1/2"]
[WhiteElo "2265"]
[BlackElo "2301"]
[PlyCount "76"]
[EventDate "2013.10.13"]
[EventType "team-tourn"]
[EventRounds "9"]
[EventCountry "GER"]
[SourceTitle "EXT 2015"]
[Source "ChessBase"]
[SourceDate "2014.11.20"]
[SourceVersion "1"]
[SourceVersionDate "2014.11.20"]
[SourceQuality "1"]
[WhiteTeam "Koblenz"]
[BlackTeam "Duesseldorf"]
[WhiteTeamCountry "GER"]
[BlackTeamCountry "GER"]

1. Nf3 c5 2. c4 Nc6 3. d4 cxd4 4. Nxd4 Nf6 5. Nc3 g6 6. e4 d6 7. Be2 Bg7 8. Be3 0-0 9. 0-0 Nxd4 10. Bxd4 Be6 11. Qd2 Nd7 12. Bxg7 Kxg7 13. f4 f6 14. Kh1 a5 15. Rad1 Nc5 16. Qe3 Qb6 17. e5 dxe5 18. fxe5 f5 19. Nd5 Bxd5 20. cxd5 Rac8 21. b3 Nd7 22. Qxb6 Nxb6 23. d6 exd6 24. Rxd6 Rc6 25. Rfd1 Rf7 26. Bf3 Rxd6 27. Rxd6 Rc7 28. h4 Nd7 29. Rd5 Nc5 30. Kh2 Kf7 31. Rd6 Ke7 32. Rb6 Nd7 33. Rxb7 Rxb7 34. Bxb7 Nxe5 35. Bd5 h6 36. a3 Kd6 37. Bg8 g5 38. hxg5 hxg5 1/2-1/2